000 00473nam a2200193Ia 4500
005 20250423100129.0
008 250422s9999 xx 000 0 und d
020 _a978-0-273-72216-8
050 _aHB 135 .J32/
100 _aJacques, Ian
245 0 _aMathematics : for economics and business
250 _a6th ed.
260 _aHarlow
260 _bPearson Education Limited
260 _c2009
300 _a569 p
650 _aMaths for Economics
942 _cBK
999 _c32374
_d32374